| 000 | 01303nas a2200361 4500 | ||
|---|---|---|---|
| 001 | BR2012000962 | ||
| 003 | BR-BrBNA | ||
| 005 | 20231205120139.0 | ||
| 007 | ta | ||
| 008 | 230509b bl.|||p| |||| 00| 00por d | ||
| 040 |
_aBR-BrBNA _bpor _cBiblioteca Nacional de Agricultura |
||
| 041 | _a(En) | ||
| 072 | _aJ11 | ||
| 100 | 1 | _aSantana, L.R.R. de | |
| 100 | 1 | _aBenedetti, B.C. | |
| 100 | 1 | _aSigrist, J.M.M. | |
| 100 | 1 | _aSato, H.H. | |
| 245 | 1 | _aEffects of modified atmosphere packaging on ripening of 'Douradão' peach related to pectolytic enzymes activities and chiling injury symptoms | |
| 246 | 1 | _aEffects of modified atmosphere packaging on ripening of 'Douradão' peach related to pectolytic enzymes activities and chiling injury symptoms | |
| 650 | _aPÊSSEGO | ||
| 650 | _aPRUNUS PERSICA | ||
| 650 | _aEMBALAGEM | ||
| 650 | _aETILENO | ||
| 650 | _aPECTINA | ||
| 650 | _aREFRIGERAÇÃO | ||
| 650 | _aCONSERVAÇÃO | ||
| 650 | _aPÓS-COLHEITA | ||
| 650 | _aPRESERVAÇÃO DE ALIMENTO | ||
| 773 | 0 |
_tRevista Brasileira de Fruticultura (Brazil) _xISSN 0100-2945 _g(Dec 2011), v. 33(4) p. 1084-1094 _wBR2012000962 |
|
| 856 | 4 |
_uhttp://www.scielo.br/pdf/rbf/v33n4/v33n4a06.pdf _yRecurso eletrônico (PDF) |
|
| 909 |
_a202311 _bLúcia _c55 _dLúcia Elande |
||
| 942 |
_2AGRIS _n0 _cANA |
||
| 999 |
_c217215 _d217215 |
||